000 00480nam a2200181Ia 4500
001 20168
005 20260306172746.0
008 260306t2018||||xx |||||||||||||| ||spa||
041 _aESP
082 _a342.8113
_bY13
100 _aYacolca Estares, Daniel
_eAUT
245 0 _aDerecho tributario internacional, económico, aduanero, contable y ambiental
260 _c2018
300 _a990 páginas :
_c25 cm.
650 _aGEN
654 _aCDE
942 _cLIB
_dJUS
_fJUS
_2ddc
_n
999 _c20168
_d20168